00840nam a2200181 a 4500003000200000005001700002008004100019050003300060100004000093245016400133260009200297300004000389504004100429650005300470650005500523650005500578650002500633020250522160241.0021127s19uu xx 00 eng d aPGS DS 686.6.E87b.D364 2001 adel Rosario, Melvn Kristian Locsin. aPerceptions of grade six students of Southville International School year 2000-2001 on the leadership of President "ERAP" /cMelvn Kristian Locsin del Rosario. aLas Piñas City, Philippines : bSouthville International School and Colleges,c2001. a57 pages :billustrations ;c28 cm. aIncludes bibliographical references. aEstrada, Joseph Ejercito, 1937 vPublic opinion. aPolitical leadershipvPhilippinesvPublic opinion. aPhilippinesvPolitics and governmentv1998–2001. aStudentsvAttitudes.